Statistiques concernant Effectif du RC Lens 2021-2022

Cliquez ici pour prendre le quiz!

Statistiques générales

  • Ce quiz a été pris 455 fois
  • Le résultat moyen est 17 sur 24

Statistiques - réponses

NumérosNoms% Correct
16Jean-Louis Leca
98%
8Seko Fofana
95%
7Florian Sotoca
94%
1Wuilker Fariñez
94%
11Jonathan Clauss
92%
14Facundo Médina
89%
4Kévin Danso
88%
28Cheick Oumar Doucouré
82%
20David Pereira Da Costa
81%
10Gaël Kakuta
80%
29Przemyslaw Frankowski
80%
15Arnaud Kalimuendo
78%
9Ignatius Ganago
76%
21Massadio Haïdara
74%
22Wesley Saïd
73%
3Deiver Machado
72%
5Christopher Wooh
66%
6Patrick Berg
66%
40Yannick Pandor
63%
18Yannick Cahuzac
55%
25Corentin Jean
51%
33Ibrahima Baldé
40%
34Adrien Louveau
28%
37Jonathan Varane
20%

Distribution des résultats

Percentile par nombre de réponses

% des personnes avec chaque résultat

Votre développement - résultats

Vous n’avez pas pris ce quiz